LEADER 01318nam a2200289 u 4500 001 000000092744 003 CaOOAMICUS 005 20070226124955.0 008 061128s2006 enka u000 u eng u 020 $a1845420373 035 $a11108642 040 $aPUL$bita 100 1 $aJessop, Bob.$0(OLS)http://pul/name/59808 245 10$aBeyond the regulation approach :$bputting capitalist economies in their place /$cBob Jessop, Ngai-Ling Sum. 260 $aCheltenham,UK ; Northampton,MA :$bEdward Elgar,$cc2006. 300 $axiv, 479 p.; :$bill. ;$c24 cm 500 $aInclude indici : p.457-479. 504 $aInclude bibliografia : p. 382-456. 650 4$aEconomia$xTeorie$ySec. XX.$0(OLS)http://pul/subject/11803 650 4$aCapitalismo.$0(OLS)http://pul/subject/7257 700 1 $aSum Ngai -Ling.$0(OLS)http://pul/name/59809 850 $aPUL 852 $aPUL$W1$xSL Diritto e Scienze Sociali 3$y79$m306. 3 JESBO 1$j116596$n $b $qDDC 21$B116596$CPULBib$Z2$F116596 $HPUL101275 $81 941 1 $a9 996 $6020$a1845420373$9(OLS)http://pul/number/121977 996 $6245$aBeyond the regulation approach :$bputting capitalist economies in their place$9(OLS)http://pul/title/119680 996 $6260$aCheltenham,UK ; Northampton,MA :$bEdward Elgar$9(OLS)http://pul/publisher/79149 LEADER 01194nam a2200277 a 4500 001 000000140988 003 CaOOAMICUS 005 20141218101613.0 008 141218s1994 it u000 u ita r 020 $a88-7989-038-7 040 $aPUL$bita 100 1 $aSergi, Giuseppe,$d1946-$0(OLS)http://pul/name/61218 245 12$aL'aristocrazia della preghiera :$bpolitica e scelte religiose nel Medioevo italiano /$cGiuseppe Sergi . 260 $aRoma :$bDonzelli,$c1994. 300 $aXII, 208 p. ;$c21 cm 490 1 $aSaggi. Storia e scienze sociali 504 $aBibliografia in nota. 650 4$aAristocrazia$zEuropa$xEvo medio.$0(OLS)http://pul/subject/30279 830 0$aSaggi.$pStoria e scienze sociali.$0(OLS)http://pul/title/174078 850 $aPUL 852 $aPUL$W1$xDP1 Fondo Capitani$y116$m3 A 80$j157702$qFondi$B162421$CPULBib$Z2$F162421 $HCap914 $82 941 1 $a1 996 $6020$a88-7989-038-7$9(OLS)http://pul/number/156602 996 $6245$aL'aristocrazia della preghiera :$bpolitica e scelte religiose nel Medioevo italiano$9(OLS)http://pul/title/178409 996 $6260$aRoma :$bDonzelli$9(OLS)http://pul/publisher/60096